000
00323nam a22001457a 4500
008
221110b ||||| |||| 00| 0 eng d
020
_a
9780415419734
041
_a
eng
080
_2
SECOND EDITION
_a
159.9
082
_a
159.9 HAM
100
_a
25
101
_a
PSI
245
_a
DEPRESSION
_c
HAMMEN C
942
_2
udc
_c
BK
999
_c
58842
_d
58842